| 000 | 02434agaaa2200325 4500 | ||
|---|---|---|---|
| 001 | 4117 | ||
| 003 | IT-RoPau | ||
| 005 | 20220918181222.0 | ||
| 007 | d cvaizq | ||
| 008 | 50131s9999||||xx ||| | || ||und|| | ||
| 040 |
_aIT-RoPAU _cIT-RoPAU |
||
| 041 | _aITALIANO | ||
| 100 |
_aDi Diodato Roberto _gCodice regista SPICS: 55765 _936498 |
||
| 130 |
_aCAMMINO DI DIO CON L'UOMO (IL) - IL TEMPO DEI RE _936499 |
||
| 245 |
_aCAMMINO DI DIO CON L'UOMO (IL) - IL TEMPO DEI RE _cProdotto da: Telenova-Sat2000-Ita -- Sceneggiatura: Gianantonio Borgonovo, Primo Gironi -- Diretto da: Di Diodato Roberto _pCAMMINO DI DIO CON L'UOMO (IL) - IL TEMPO DEI RE (Rif. Codice opera principale : H4117) |
||
| 250 | _aEdizione Standard | ||
| 260 |
_aMILANO (ITALIA) _bMULTIMEDIA SAN PAOLO / _g"2003 (1° ed.: 2003 ; Ed. Lingua Orig.: 2003)" |
||
| 300 |
_aVHS _bsonoro, col. _c55 minuti |
||
| 508 | _a"Fotografia: Soetje Russo Melis; Montaggio: Maurizio Alba; Musica: AA.VV. ; Sceneggiatura: Gianantonio Borgonovo, Primo Gironi; Soggetto: Borgonovo Gianantonio -- Gironi Primo" | ||
| 520 | _a"""IL CAMMINO DI DIO CON L'UOMO"" E' LA PIU' RECENTE E APPROFONDITA INDAGINE SULLE PAGINE PIU' DIFFICILI E MENO CONOSCIUTE DELL'ANTICO TESTAMENTO. UNA SPECIE DI GRANDE QUARK CHE INTENDE AVVICINARE LA GENTE ALLA PAROLA DI DIO PER FARNE SCOPRIRE IL FASCINO ETERNO E MISTERIOSO. LE IMMAGINI SONO STATE GIRATE NEI LUOGHI PIU' IMPORTANTI E NEI SITI ARCHEOLOGICI PIU' ANTICHI E SUGGESTIVI DEL VICINO ANTICO ORIENTE. EPISODI DI QUESTA CASSETTA N.34: 1. LA NASCITA DI SAMUELE; 2. IL TEMPIO DI SILO; 3. SAMUELE, IL ""TRAGHETTATORE""; 4. SAUL, PRIMO RE E PROFETA ESTATICO; 5. LA POTENZA DEI FILISTEI; 6. LA BATTAGLIA SUI MONTI GELBOE; 7. MONARCHIA SI', MONARCHIA NO; 8. LA STORIOGRAFIA DEUTERONOMISTICA; 9. DAVIDE, RE E GUERRIERO; 10. I PECCATI DI DAVIDE; 11. BETSABEA E SALOMONE; 12. IL TEMPIO DI JAHVE'." | ||
| 538 | _aPAL, STEREO | ||
| 546 | _aITALIANO | ||
| 650 |
_aDOCUMENTARIO _eFILMS [VHS] _xCodice MATERIA SPICS: 9960 _934095 |
||
| 700 |
_aAA.VV. _e(musica) _gCodice Musica SPICS: 12000 _936500 |
||
| 700 |
_aBorgonovo Gianantonio _e(soggetto) _gCodice Soggetto SPICS: 57465 _936501 |
||
| 700 |
_aDi Diodato Roberto _e(regista) _gCodice regista SPICS: 55765 _936502 |
||
| 700 |
_aGironi Primo _e(soggetto) _gCodice Soggetto 2° SPICS: 34827 _936503 |
||
| 700 |
_aGiuliani Stefania _e(regista) _gCodice secondo regista SPICS: 57464 _936504 |
||
| 942 |
_cVH _2ddc |
||
| 999 |
_c104579 _d104579 |
||